| 000 | 01037nam a22002655i 4500 | ||
|---|---|---|---|
| 001 | 153752 | ||
| 003 | ES-MaACL | ||
| 005 | 20250827062630.0 | ||
| 008 | 950223m18851886sp |||| | spa d | ||
| 040 |
_aCARM _bspa _cCCPB | SIC |
||
| 110 | 1 |
_aEspaña _93622 |
|
| 240 | 1 | 0 | _aLey de enjuiciamiento civil reformada para las Islas de Cuba y Puerto Rico, 1885 |
| 245 | 1 | 0 | _aLey de enjuiciamiento civil reformada para las islas de Cuba y Puerto Rico con la jurisprudencia del Tribunal Supremo. |
| 260 |
_aMadrid : _b[s.n.], _c1885-1886 ( _fEstablecimiento Tipográfico de P. Núñez) |
||
| 300 |
_a2 v.(288 ; 291 p.) ; _c18 cm. |
||
| 490 | 1 |
_aBiblioteca judicial ; _v20, 21 |
|
| 597 | _aSignaturizado. | ||
| 597 | _aAnteps. | ||
| 710 | 1 |
_aPuerto Rico. _tLey de enjuiciamiento civil. _9187811 |
|
| 710 | 1 | 1 |
_aCuba. _tLey de enjuiciamiento civil. _9134315 |
| 752 |
_aEspaña - _dMadrid |
||
| 830 | 0 |
_aBiblioteca judicial ; _v20, 21 _9181856 |
|
| 852 |
_aES-MaACL _jB-6712-6713 _z-- Enc. pasta española |
||
| 999 |
_c153752 _d153752 |
||